El quinto viaje de Crislón / (Record no. 188330)

MARC details
000 -LEADER
campo de control de longitud fija 00572nam a2200193 i 4500
001 - NÚMERO DE CONTROL
campo de control 188330
003 - IDENTIFICADOR DE NÚMERO DE CONTROL
campo de control SpMaBN
005 - FECHA Y HORA DE LA ÚLTIMA TRANSACCIÓN
campo de control 20230906223154.0
008 - DATOS DE LONGITUD FIJA--INFORMACIÓN GENERAL
campo de control de longitud fija 180807s1983 sp |||| | spa d
020 ## - NÚMERO INTERNACIONAL ESTÁNDAR DEL LIBRO
Número Internacional Estándar del Libro 84-7541-141-6
080 ## - NÚMERO DE LA CLASIFICACIÓN DECIMAL UNIVERSAL
Número de la Clasificación Decimal Universal 860-22"19"
100 1# - ENTRADA PRINCIPAL--NOMBRE DE PERSONA
Nombre de persona Díez Barrio, Germán.
9 (RLIN) 44677
245 13 - MENCIÓN DEL TÍTULO
Título El quinto viaje de Crislón /
Mención de responsabilidad, etc. Germán Díez Barrio.
250 ## - MENCION DE EDICION
Mención de edición 1ª ed.
260 ## - PUBLICACIÓN, DISTRIBUCIÓN, ETC.
Lugar de publicación, distribución, etc. Aranguren (Vizcaya) :
Nombre del editor, distribuidor, etc. El Paisaje,
Fecha de publicación, distribución, etc. 1983.
300 ## - DESCRIPCIÓN FÍSICA
Extensión 102 p. ;
Dimensiones 19 cm.
586 ## - NOTA DE PREMIOS
Nota de premios Premio Gemma de Teatro
852 ## - LOCALIZACIÓN
Ubicación ES-MaACL
Número de control de estantería L-32230
Nota libre . - Donat. Carmen Zumárraga
Holdings
Estatus retirado Estado de pérdida Estado de daño No para préstamo Biblioteca de origen Biblioteca actual Ubicación en estantería Fecha de adquisición Fuente de adquisición Total de préstamos Signatura topográfica completa Código de barras Visto por última vez Precio de reemplazo Tipo de ítem Koha
        Biblioteca del Ateneo de Madrid Biblioteca del Ateneo de Madrid Depósito 2 07/08/2018     L-32230 1199204 23/02/2023 23/02/2023 Libro impreso